| 000 | 01446nam a22003614a 4500 | ||
|---|---|---|---|
| 001 | ebr10232820 | ||
| 003 | CaPaEBR | ||
| 006 | m u | ||
| 007 | cr cn||||||||| | ||
| 008 | 041104s2005 maua sb 001 0 eng | ||
| 010 | _z 2004026395 | ||
| 020 | _z9781405130172 (alk. paper) | ||
| 020 | _z1405130172 (alk. paper) | ||
| 040 |
_aCaPaEBR _cCaPaEBR |
||
| 035 | _a(OCoLC)608622683 | ||
| 050 | 1 | 4 |
_aQP187.3.E93 _bE53 2005eb |
| 082 | 0 | 4 |
_a612.4 _222 |
| 245 | 0 | 4 |
_aThe endocrine system in sports and exercise _h[electronic resource] / _cedited by W.J. Kraemer and Alan D. Rogol. |
| 260 |
_aMalden, Mass. : _bBlackwell Pub., _c2005. |
||
| 300 |
_axiv, 630 p. : _bill. |
||
| 490 | 1 |
_aThe encyclopaedia of sports medicine ; _vv. 11 |
|
| 504 | _aIncludes bibliographical references and index. | ||
| 533 |
_aElectronic reproduction. _bPalo Alto, Calif. : _cebrary, _d2013. _nAvailable via World Wide Web. _nAccess may be limited to ebrary affiliated libraries. |
||
| 650 | 0 | _aEndocrine glands. | |
| 650 | 0 |
_aExercise _xPhysiological aspects. |
|
| 650 | 0 |
_aSports _xPhysiological aspects. |
|
| 655 | 7 |
_aElectronic books. _2local |
|
| 700 | 1 |
_aKraemer, William J., _d1953- |
|
| 700 | 1 |
_aRogol, Alan David, _d1941- |
|
| 710 | 2 | _aebrary, Inc. | |
| 830 | 0 |
_aEncyclopaedia of sports medicine ; _vv. 11. |
|
| 856 | 4 | 0 |
_uhttp://site.ebrary.com/lib/rucke/Doc?id=10232820 _zAn electronic book accessible through the World Wide Web; click to view |
| 999 |
_c37550 _d37550 |
||